| 000 | 00999cam a2200205 4500 | ||
|---|---|---|---|
| 001 | WB3906-06 | ||
| 008 | 030213n2003 000 0 eng u | ||
| 035 | _a(Sirsi) u121337 | ||
| 245 | _aContaminated land guidance replaced | ||
| 260 | _c2003 | ||
| 490 |
_aRICS Environment Faculty News _v 10 February 2003 (1) |
||
| 520 | _aDEFRA has replaced part of the contaminated land guidance, last updated in 1987, with the new Contaminated Land Exposure Assessment (CLEA) package developed with the Environment Agency to meet the new statutory regime under the Environmental Protection Act 1990 Part IIA. http://www.rics.org/ricscms/bin/show?class=News&template=/includes/shownews.html&id=4829&faculty=Environment&faculty=All Faculties | ||
| 590 | _aWB | ||
| 650 | _aCONTAMINATED LAND PROTOCOL | ||
| 650 | _aCONTAMINATED LAND EXPOSURE ASSESSMENT | ||
| 650 | _aRISK ASSESSMENT | ||
| 650 | _aENVIRONMENTAL PROTECTION ACT 1990 PART IIA | ||
| 690 | _aENVIRONMENTAL AND LAND CONSULTANCY | ||
| 942 | _n0 | ||
| 999 |
_c72105 _d72105 |
||